Evaluación de un biofiltro de fluido vertical en serie con un filtro de flujo horizontal para el tratamiento de aguas residuales domésticas
Detalla la implementación de una nueva tecnología para el tratamiento de aguas residuales domésticas en Nicaragua, llamado Biofiltro, usado como referencia evaluaciones anteriores realizadas en la planta piloto del Biofiltro ubicado en la Villa Bosco Monge, de la Ciudad de Masaya. El objetivo fun...
| Main Authors: | , |
|---|---|
| Other Authors: | |
| Format: | Tesis Section = Libro |
| Language: | Undetermined Spanish |
| Published: |
Managua
UNI
2002
|
| Subjects: |
| LEADER | 02132nam a2200265Ia 4500 | ||
|---|---|---|---|
| 008 | 240830s9999 xx 000 0 und d | ||
| 040 | |a BIBLIOTECA-RUSB/ Mon 628.3 B826 | ||
| 041 | |a spa | ||
| 082 | |a Mon 628.3 B826 | ||
| 100 | 1 | |a Bravo Moncada, Ruth Abigail | |
| 100 | 1 | |b Juárez Amaya, Elizabeth | |
| 245 | 1 | 0 | |a Evaluación de un biofiltro de fluido vertical en serie con un filtro de flujo horizontal para el tratamiento de aguas residuales domésticas |
| 260 | |a Managua |b UNI |c 2002 | ||
| 300 | |a 65 p. :il. | ||
| 500 | |a Contiene: anexos. | ||
| 502 | |a Tesis (Ingeniero Químico) - UNI, 2002. | ||
| 520 | 3 | |a Detalla la implementación de una nueva tecnología para el tratamiento de aguas residuales domésticas en Nicaragua, llamado Biofiltro, usado como referencia evaluaciones anteriores realizadas en la planta piloto del Biofiltro ubicado en la Villa Bosco Monge, de la Ciudad de Masaya. El objetivo fundamental del estudio es evaluar el aumento en la eficiencia de remoción de nutrientes proporcionado por la combinación de un Biofiltro de flujo vertical (BFV) en serie con un Biofiltro de flujo horizontal (BFH) a escala piloto, para lo cual se efectuaron una serie de ensayos dirigidos a determinar el grado de fracciones de nitrógeno. Engloba Definiciones del término aguas residuales, Aguas residuales domésticas, Métodos para el tratamiento de aguas residuales, Características del Biofiltro, Ventajas del Biofiltro en los países tropicales, Descripción del Biofiltro de flujo horizontal y vertical, descripción de planta piloto Biofiltro Masaya, Mecanismo de remoción de contaminantes en un Biofiltro, Normas para el tratamiento de aguas residuales, Posibilidades para la disposición final de aguas residuales tratadas, Material y Método. | |
| 650 | 7 | |a TRATAMIENTO Y ELIMINACION DE AGUAS NEGRAS | |
| 650 | 7 | |b EVALUCION - BIOFILTRO DE FLUJO VERTICAL | |
| 650 | 7 | |c METODOS DE TRATAMIENTO - AGUAS RESIDUALES DOMESTICAS | |
| 650 | 7 | |d MECANISMOS DE REMOCION - CONTAMINANTES EN UN BIOFILTRO | |
| 700 | 1 | |a Tutor: |b Platzer, Michael | |
| 942 | |c BK |2 ddc | ||
| 991 | |a TESIS | ||
| 999 | |c 20461 | ||